000 00915nam a2200241Ia 4500
003 OSt
005 20220923224058.0
006 a|||||r|||| 00| 0
007 ta
008 220922b |||||||| |||| 00| 0 hin d
024 _a225,250
037 _cTextual
040 _aARTS
_cARTS
_bhin
041 _2hin
_ahin
082 _aX.1, 152P4
100 _aनागर, विष्णुदत्त; नागर, निरूपमा, व्या.
_9167763
245 0 _aभूमंडलीकरण के अन्तर्द्वन्द्व
246 _aBhūhinḍalīkaraṇ ke antardvandva
260 _aइन्दौर
_b श्री सुनीता प्रकाशन
_c2004
300 _a292पृ.
_ccm.
942 _hX.1, 152P4
_cTEXL
_2CC
999 _c369081
_d369081